[Event "Pentes enneigees 45/30"]
[Site "Gatineau CAN"]
[Date "2019.02.05"]
[Round "3"]
[White "Lepine, Louis"]
[Black "Sabourin, Yves"]
[Result "0-1"]
[WhiteElo "1014"]
[BlackElo "1405"]
[PlyCount "68"]
[EventDate "2019.01.22"]
[EventType "swiss"]
[EventRounds "4"]
[EventCountry "CAN"]

1. d4 Nf6 2. Bf4 g6 3. e3 Bg7 4. f3 Nd5 5. g3 e6 6. e4 Nxf4 7. gxf4 Qh4+ 8. Ke2
c5 9. Nh3 cxd4 10. Kd2 d3 11. Na3 Bxb2 12. Nb5 Qd8 13. Rb1 Qa5+ 14. c3 Qxb5 15.
Bxd3 Qh5 16. Ng1 Ba3 17. Qb3 Bd6 18. e5 Bc5 19. Rf1 b6 20. Ne2 Bb7 21. Ng3 Qh6
22. Ne2 Na6 23. a3 Nc7 24. c4 Qh3 25. Be4 Bxe4 26. Ng1 Bxg1 27. Rhxg1 Qxh2+ 28.
Ke1 Qxf4 29. Rg4 Qc1+ 30. Qd1 Qxd1+ 31. Kxd1 Bf5 32. Rd4 O-O 33. Rxd7 Rfd8 34.
Rxd8+ Rxd8+ 0-1

[Event "Pentes enneigees 45/30"]
[Site "Gatineau CAN"]
[Date "2019.02.19"]
[Round "4"]
[White "Arcand, Pierre"]
[Black "Fang, Zhou"]
[Result "0-1"]
[WhiteElo "1154"]
[BlackElo "1242"]
[PlyCount "56"]
[EventDate "2019.01.22"]
[EventType "swiss"]
[EventRounds "4"]
[EventCountry "CAN"]

1. e4 c5 2. Nf3 Nc6 3. Bc4 d6 4. h3 Nf6 5. Nc3 Bd7 6. O-O g6 7. Ng5 e6 8. d3 a5
9. a4 Nb4 10. Nb5 Be7 11. b3 Nfd5 12. Bxd5 Nxd5 13. exd5 Bxg5 14. Bxg5 Qxg5 15.
Nc7+ Kf8 16. Nxa8 exd5 17. Nb6 Bxh3 18. g3 Bxf1 19. Qxf1 Kg7 20. Re1 h5 21. Qh3
h4 22. Re3 d4 23. Re1 hxg3 24. Qxg3 Qd2 25. Rf1 Rh5 26. f4 Qe2 27. Rf2 Qe1+ 28.
Kg2 Qh1# 0-1

[Event "Pentes enneigees U1600"]
[Site "Gatineau CAN"]
[Date "2019.01.22"]
[Round "1"]
[White "Berthiaume, Serge"]
[Black "Boutin, Michel"]
[Result "1-0"]
[WhiteElo "1456"]
[BlackElo "1183"]
[PlyCount "51"]
[EventDate "2019.01.22"]
[EventType "swiss"]
[EventRounds "5"]
[EventCountry "CAN"]

1. d4 d5 2. Bf4 Nf6 3. Nf3 Nc6 4. Nbd2 e6 5. e3 Bb4 6. c3 Ba5 7. Bd3 Ng4 8. h3
Nf6 9. Ne5 a6 10. g4 h6 11. g5 hxg5 12. Bxg5 Kf8 13. Qf3 Kg8 14. O-O-O b5 15.
Nxc6 Qf8 16. Nxa5 Nh7 17. Bxh7+ Rxh7 18. Nc6 f6 19. Bf4 Bd7 20. Na5 c6 21. Ndb3
b4 22. Nc5 Qd8 23. cxb4 e5 24. dxe5 fxe5 25. Bxe5 Qb6 26. a3 1-0

[Event "Pentes enneigees U1600"]
[Site "Gatineau CAN"]
[Date "2019.01.22"]
[Round "1"]
[White "Desjardins, Alexandre"]
[Black "Arcand, Pierre"]
[Result "0-1"]
[WhiteElo "1527"]
[BlackElo "1154"]
[PlyCount "80"]
[EventDate "2019.01.22"]
[EventType "swiss"]
[EventRounds "5"]
[EventCountry "CAN"]

1. Nc3 Nf6 2. b4 e5 3. a4 Bxb4 4. Rb1 Bxc3 5. dxc3 O-O 6. Bg5 h6 7. Be3 d5 8.
Rb4 Nc6 9. Rb3 Na5 10. Rb4 Nc4 11. Qc1 b6 12. f3 Re8 13. Bf2 e4 14. e3 a5 15.
Rb3 Bd7 16. fxe4 Nxe4 17. Bd3 Nxf2 18. Kxf2 Nxe3 19. Nf3 Ng4+ 20. Kf1 Bxa4 21.
Ra3 Ne3+ 22. Kg1 Bd7 23. h3 c5 24. Kh2 c4 25. Be2 Nxg2 26. Bf1 Ne3 27. Rg1
Nxf1+ 28. Qxf1 Bf5 29. Qg2 Bg6 30. h4 Qd6+ 31. Kh1 Qxa3 32. h5 Re6 33. hxg6
Rxg6 34. Qh2 Rxg1+ 35. Qxg1 Qxc3 36. Qf2 Qf6 37. Kg2 Rd8 38. Qe2 b5 39. Ne5
Qg5+ 40. Ng4 h5 0-1

[Event "Pentes enneigees U1600"]
[Site "Gatineau CAN"]
[Date "2019.01.22"]
[Round "1"]
[White "Simard, Paul"]
[Black "Bourbonnais, Luc"]
[Result "0-1"]
[WhiteElo "1182"]
[BlackElo "1418"]
[PlyCount "90"]
[EventDate "2019.01.22"]
[EventType "swiss"]
[EventRounds "5"]
[EventCountry "CAN"]

1. d4 Nf6 2. Nc3 d5 3. Nf3 g6 4. Bf4 Bg7 5. e3 Bf5 6. Bd3 Ne4 7. Bxe4 dxe4 8.
Nh4 e6 9. Nxf5 exf5 10. O-O O-O 11. f3 Re8 12. fxe4 fxe4 13. Qg4 f5 14. Qe2 Nd7
15. Qc4+ Kh8 16. Nd5 Nb6 17. Nxb6 cxb6 18. a4 Rc8 19. Qb3 Rc6 20. c3 Qd7 21. h3
Rec8 22. Rac1 Rc4 23. Rfd1 Qxa4 24. Qxa4 Rxa4 25. Ra1 Rxa1 26. Rxa1 a6 27. d5
Kg8 28. Bg5 h6 29. Be7 Kf7 30. d6 Ke6 31. Rd1 Kd7 32. g4 Rc5 33. Kg2 Rc6 34.
gxf5 gxf5 35. Kg3 Be5+ 36. Kh4 f4 37. exf4 Bxf4 38. Kg4 Bxd6 39. Bxd6 Rxd6 40.
Rxd6+ Kxd6 41. Kf4 Kd5 42. h4 h5 43. c4+ Kd4 44. Kg5 e3 45. Kxh5 e2 0-1

[Event "Pentes enneigees U1600"]
[Site "Gatineau CAN"]
[Date "2019.01.22"]
[Round "1"]
[White "Villeneuve, Denis"]
[Black "Fex, John"]
[Result "1-0"]
[WhiteElo "1508"]
[BlackElo "1358"]
[PlyCount "89"]
[EventDate "2019.01.22"]
[EventType "swiss"]
[EventRounds "5"]
[EventCountry "CAN"]

1. e4 e5 2. Nf3 d6 3. d4 exd4 4. Qxd4 Nc6 5. Bb5 Nge7 6. Bg5 Bd7 7. Bxc6 Bxc6
8. c4 f6 9. Bh4 Ng6 10. Bg3 Ne5 11. Nbd2 Be7 12. O-O O-O 13. Rfe1 b6 14. Rad1
Bb7 15. Qc3 a5 16. Qc2 c5 17. Qc3 Qc7 18. Nh4 Bc8 19. Nf1 f5 20. f4 fxe4 21.
fxe5 g5 22. exd6 Bf6 23. Qxf6 Rxf6 24. dxc7 gxh4 25. Bxh4 Rf4 26. Bg3 Rg4 27.
Rd8+ Kg7 28. Ne3 Rg6 29. Rf1 Rc6 30. Be5+ Kg6 31. Rg8+ Kh6 32. Rf4 Kh5 33. g4+
Kh4 34. g5+ Kh5 35. Ng2 Rg6 36. Rh4+ Kxg5 37. Bf4+ Kf6 38. Rf8+ Kg7 39. Bd6 Bb7
40. Rxa8 e3 41. c8=Q Rxg2+ 42. Kf1 Rf2+ 43. Ke1 Bxc8 44. Rxc8 Rxb2 45. Be5+ 1-0

[Event "Pentes enneigees U1600"]
[Site "Gatineau CAN"]
[Date "2019.01.29"]
[Round "2"]
[White "Bourbonnais, Luc"]
[Black "Villeneuve, Denis"]
[Result "0-1"]
[WhiteElo "1418"]
[BlackElo "1508"]
[PlyCount "68"]
[EventDate "2019.01.22"]
[EventType "swiss"]
[EventRounds "5"]
[EventCountry "CAN"]

1. e4 c5 2. Nf3 d6 3. d4 cxd4 4. Nxd4 Nf6 5. Nc3 a6 6. Be3 e6 7. Qd2 Be7 8.
O-O-O b5 9. f3 Qc7 10. Kb1 Bd7 11. g4 h6 12. h4 b4 13. Nce2 a5 14. c3 Nc6 15.
Rc1 Qb7 16. Nxc6 Bxc6 17. Nd4 Nxe4 18. Qc2 bxc3 19. Nxc6 cxb2 20. Rd1 Rc8 21.
fxe4 Rxc6 22. Qa4 O-O 23. Bb5 Rcc8 24. h5 Rfd8 25. Rd3 d5 26. Rhd1 dxe4 27.
Rxd8+ Bxd8 28. Rd7 Qa8 29. Rd4 Bf6 30. Rd7 Rd8 31. Qd1 Rxd7 32. Qxd7 Qd5 33. a4
Qb3 34. Bc5 Qc3 0-1

[Event "Pentes enneigees U1600"]
[Site "Gatineau CAN"]
[Date "2019.01.29"]
[Round "2"]
[White "Boutin, Michel"]
[Black "Simard, Paul"]
[Result "1-0"]
[WhiteElo "1183"]
[BlackElo "1182"]
[PlyCount "39"]
[EventDate "2019.01.22"]
[EventType "swiss"]
[EventRounds "5"]
[EventCountry "CAN"]

1. d4 d5 2. c4 dxc4 3. Nf3 Nf6 4. Nc3 e6 5. Bg5 Be7 6. e3 O-O 7. Bxc4 a6 8. O-O
b5 9. Bb3 Nc6 10. a3 Na5 11. Qd2 Nxb3 12. Qd1 Nxa1 13. Qxa1 Bb7 14. Qd1 Nd5 15.
Bxe7 Qxe7 16. Re1 Nxc3 17. bxc3 Qxa3 18. Qc2 Rad8 19. Ng5 h6 20. Qh7# 1-0

[Event "Pentes enneigees U1600"]
[Site "Gatineau CAN"]
[Date "2019.01.29"]
[Round "2"]
[White "Fex, John"]
[Black "Kurkdji, Johnny"]
[Result "0-1"]
[WhiteElo "1358"]
[BlackElo "1544"]
[PlyCount "72"]
[EventDate "2019.01.22"]
[EventType "swiss"]
[EventRounds "5"]
[EventCountry "CAN"]

1. e4 e5 2. Nc3 Nf6 3. d4 d6 4. dxe5 dxe5 5. Qxd8+ Kxd8 6. Bg5 Be7 7. O-O-O+
Ke8 8. Nd5 Nxd5 9. Bxe7 Nxe7 10. h3 Be6 11. Kb1 f6 12. Bb5+ Kf7 13. Ne2 a5 14.
f4 c6 15. Bd3 b5 16. Rhf1 exf4 17. Nxf4 Ng6 18. Nxe6 Kxe6 19. g3 b4 20. Bc4+
Ke7 21. e5 Nxe5 22. Rfe1 a4 23. a3 bxa3 24. bxa3 Na6 25. Ka1 Nc7 26. g4 h6 27.
h4 Rhb8 28. Re3 Ra5 29. Rd4 Nb5 30. Rd2 Nxa3 31. Ba2 Rc5 32. Rxa3 Nxg4 33. Rxa4
Ne5 34. Ra7+ Kf8 35. Rg2 g5 36. hxg5 fxg5 0-1

[Event "Pentes enneigees U1600"]
[Site "Gatineau CAN"]
[Date "2019.01.29"]
[Round "2"]
[White "Lecorre, Joel"]
[Black "Berthiaume, Serge"]
[Result "1-0"]
[WhiteElo "1482"]
[BlackElo "1456"]
[PlyCount "93"]
[EventDate "2019.01.22"]
[EventType "swiss"]
[EventRounds "5"]
[EventCountry "CAN"]

1. e4 Nc6 2. d4 d5 3. e5 Bf5 4. Be3 e6 5. Bd3 Bg6 6. a3 Be7 7. Nd2 Bg5 8. Ndf3
Bxe3 9. fxe3 Bh5 10. Nh3 Bg4 11. Nf2 Nh6 12. Qe2 f6 13. Nxg4 Nxg4 14. h3 Nh6
15. exf6 gxf6 16. e4 dxe4 17. Qxe4 Qd6 18. O-O-O O-O-O 19. Bc4 Kb8 20. Qxe6
Qf4+ 21. Kb1 Rhe8 22. g3 Qxf3 23. Rdf1 Qxf1+ 24. Rxf1 Rxe6 25. Bxe6 Nxd4 26.
Rxf6 Nxe6 27. Rxe6 Ng8 28. g4 Kc8 29. h4 Kd7 30. Re4 c5 31. g5 Kd6 32. c3 Ne7
33. Kc2 Nc6 34. Kd2 Ne5 35. Ke2 Rf8 36. b3 Rf3 37. Rxe5 Kxe5 38. Kxf3 Kf5 39.
b4 cxb4 40. cxb4 b5 41. Kg3 Kg6 42. Kg4 h6 43. h5+ Kg7 44. g6 Kf6 45. Kf4 Ke6
46. Ke4 Kf6 47. Kd5 1-0

[Event "Pentes enneigees U1600"]
[Site "Gatineau CAN"]
[Date "2019.02.05"]
[Round "3"]
[White "Arcand, Pierre"]
[Black "Boutin, Michel"]
[Result "1-0"]
[WhiteElo "1154"]
[BlackElo "1183"]
[PlyCount "53"]
[EventDate "2019.01.22"]
[EventType "swiss"]
[EventRounds "5"]
[EventCountry "CAN"]

1. e4 e5 2. Nf3 Nc6 3. Nc3 Bb4 4. a3 Ba5 5. Bb5 a6 6. Bxc6 dxc6 7. Nxe5 Nf6 8.
d3 O-O 9. O-O Qe8 10. Bf4 Qe6 11. b4 Bb6 12. d4 Rd8 13. Nf3 Nxe4 14. Nxe4 Qxe4
15. Be3 Bg4 16. c3 Rd6 17. Ng5 Qf5 18. f3 Bh5 19. g4 Bxg4 20. fxg4 Qd7 21. Nxf7
Rf6 22. Rxf6 gxf6 23. Nh6+ Kh8 24. Nf5 Rg8 25. Kh1 Qd5+ 26. Kg1 a5 27. Ne7 1-0

[Event "Pentes enneigees U1600"]
[Site "Gatineau CAN"]
[Date "2019.02.05"]
[Round "3"]
[White "Fex, John"]
[Black "Labrie, Dany"]
[Result "1-0"]
[WhiteElo "1358"]
[BlackElo "1312"]
[PlyCount "111"]
[EventDate "2019.01.22"]
[EventType "swiss"]
[EventRounds "5"]
[EventCountry "CAN"]

1. e4 d5 2. exd5 Qxd5 3. Nf3 Bg4 4. Nc3 Qd6 5. h3 Bxf3 6. Qxf3 Nc6 7. Bb5 e5 8.
O-O Nge7 9. d3 O-O-O 10. Bg5 Nd4 11. Qxf7 Nxc2 12. Rac1 Nb4 13. Ne4 Qd5 14. Bc4
Qxf7 15. Bxf7 Nxd3 16. Rc2 h6 17. Bh4 g5 18. Bg3 Nc6 19. Be6+ Kb8 20. Rd1 Be7
21. Bc4 Rd4 22. Bxd3 Rhd8 23. Rcd2 Nb4 24. Bb1 a6 25. Bxe5 R4d5 26. Rxd5 Nxd5
27. a3 Kc8 28. Ba2 c6 29. Bg7 h5 30. Bxd5 cxd5 31. Nc3 Kc7 32. Rxd5 Bd6 33. Bf6
Re8 34. Kf1 Bf4 35. Bxg5 Bxg5 36. Rxg5 h4 37. Rh5 Kd6 38. Rxh4 Kc5 39. b4+ Kc6
40. Re4 Rd8 41. Ke2 Rg8 42. g3 Rg5 43. g4 Rg8 44. h4 Ra8 45. a4 b5 46. a5 Kd6
47. g5 Rc8 48. Kd3 Rc7 49. g6 Re7 50. h5 Rxe4 51. Kxe4 Ke6 52. Nd5 Kd6 53. g7
Kc6 54. g8=Q Kd7 55. Qf7+ Kd6 56. Qe7+ 1-0

[Event "Pentes enneigees U1600"]
[Site "Gatineau CAN"]
[Date "2019.02.05"]
[Round "3"]
[White "Villeneuve, Denis"]
[Black "Berthiaume, Serge"]
[Result "0-1"]
[WhiteElo "1508"]
[BlackElo "1456"]
[PlyCount "94"]
[EventDate "2019.01.22"]
[EventType "swiss"]
[EventRounds "5"]
[EventCountry "CAN"]

1. e4 Nc6 2. d4 d5 3. e5 Bf5 4. c3 e6 5. Bd3 Bg6 6. Nf3 Nge7 7. Be3 Nf5 8. Bxf5
Bxf5 9. O-O Be7 10. Qb3 Na5 11. Qa4+ c6 12. Nbd2 b5 13. Qd1 Nc4 14. Nxc4 dxc4
15. Ne1 a5 16. f4 a4 17. Qf3 Qd5 18. Qf2 a3 19. Bc1 O-O 20. Nc2 axb2 21. Bxb2
Bxc2 22. Qxc2 Ra4 23. f5 exf5 24. Qxf5 Ba3 25. Bxa3 Rxa3 26. Rf3 b4 27. Rc1
Rxc3 28. Rfxc3 bxc3 29. Qf2 Rd8 30. Rxc3 Qxd4 31. Qxd4 Rxd4 32. Re3 Kf8 33. Kf2
Ke7 34. Kf3 Ke6 35. g4 Rd5 36. Kf4 Ra5 37. Re4 c3 38. Rc4 Kd5 39. Rxc3 Ra4+ 40.
Kf5 c5 41. Rd3+ Rd4 42. Ra3 g6+ 43. Kg5 Kxe5 44. Re3+ Re4 45. Rc3 c4 46. Rf3 f5
47. Rh3 Rxg4+ 0-1

[Event "Pentes enneigees U1600"]
[Site "Gatineau CAN"]
[Date "2019.02.19"]
[Round "4"]
[White "Berthiaume, Serge"]
[Black "Seguin, Hubert"]
[Result "0-1"]
[WhiteElo "1456"]
[BlackElo "1552"]
[PlyCount "82"]
[EventDate "2019.01.22"]
[EventType "swiss"]
[EventRounds "5"]
[EventCountry "CAN"]

1. d4 d5 2. Bf4 Bf5 3. e3 Nf6 4. Nf3 Ne4 5. Nh4 e6 6. Nxf5 exf5 7. Nd2 Nf6 8.
c3 Bd6 9. Bg5 O-O 10. Bd3 h6 11. Bh4 g5 12. Bg3 Ne4 13. Bxd6 Qxd6 14. f3 Nxd2
15. Qxd2 Re8 16. Bxf5 Qf4 17. e4 Qxf5 18. O-O-O dxe4 19. Rde1 Nd7 20. Rhf1 exf3
21. Rxe8+ Rxe8 22. Rxf3 Qe4 23. Rf1 Qe3 24. Kd1 Qxd2+ 25. Kxd2 Kg7 26. Rf5 Re6
27. c4 Rf6 28. Rd5 Nb6 29. Rc5 c6 30. b3 Kg6 31. Ra5 a6 32. Ke3 Rf4 33. Ra3 Rf1
34. Ke2 Rc1 35. Ra5 Rc2+ 36. Kf3 f5 37. h3 Rd2 38. c5 Nd5 39. Ra4 Nc3 40. Rb4
Nb5 41. Ke3 Rxa2 0-1

[Event "Pentes enneigees U1600"]
[Site "Gatineau CAN"]
[Date "2019.02.19"]
[Round "4"]
[White "Boutin, Michel"]
[Black "Traversy, Pierre"]
[Result "0-1"]
[WhiteElo "1183"]
[BlackElo "1176"]
[PlyCount "98"]
[EventDate "2019.01.22"]
[EventType "swiss"]
[EventRounds "5"]
[EventCountry "CAN"]

1. g3 d5 2. Nf3 Nf6 3. Bg2 c6 4. O-O Nbd7 5. d3 e5 6. Bg5 Bd6 7. c3 O-O 8. c4
Bc7 9. Na3 Qe8 10. Re1 Bd6 11. Nc2 e4 12. Nh4 Qe5 13. Be3 Qe8 14. b3 Qd8 15.
Nf5 Nb8 16. Bg5 Bxf5 17. Ne3 Be6 18. dxe4 Be7 19. Bxf6 Bxf6 20. Rc1 dxe4 21.
Qc2 Qc7 22. Bxe4 h6 23. b4 Nd7 24. Rb1 Rab8 25. Rbc1 Bd4 26. Ng2 Nf6 27. Bf3
Bg4 28. Be4 Bh3 29. Rcd1 Bxg2 30. Bxg2 c5 31. b5 Be5 32. Qd3 Rfd8 33. Qa3 b6
34. Rd3 Rxd3 35. Qxd3 Qe7 36. Rd1 Qc7 37. f4 Bd6 38. Rf1 Re8 39. Bf3 Re7 40. e3
h5 41. e4 Ng4 42. h3 Nf6 43. Qe3 h4 44. gxh4 Bxf4 45. Qe2 Rd7 46. h5 Rd2 47.
Qe1 Qe5 48. Be2 Qd4+ 49. Qf2 Be3 0-1

[Event "Pentes enneigees U1600"]
[Site "Gatineau CAN"]
[Date "2019.02.19"]
[Round "4"]
[White "Ethier, Valori"]
[Black "Bourbonnais, Luc"]
[Result "1/2-1/2"]
[WhiteElo "1413"]
[BlackElo "1418"]
[PlyCount "113"]
[EventDate "2019.01.22"]
[EventType "swiss"]
[EventRounds "5"]
[EventCountry "CAN"]

1. f4 d5 2. b3 Nf6 3. Bb2 c5 4. e3 g6 5. Nf3 Bg7 6. Bb5+ Bd7 7. Qe2 O-O 8. Ne5
Nc6 9. Bxc6 Bxc6 10. Nxc6 bxc6 11. O-O d4 12. e4 e5 13. d3 exf4 14. Rxf4 Nh5
15. Rf2 Bh6 16. Kh1 Qh4 17. Qf3 Be3 18. Rf1 Rae8 19. Na3 Bf4 20. Qh3 Qxh3 21.
gxh3 Re5 22. Nc4 Rg5 23. Rg1 f6 24. h4 Rxg1+ 25. Rxg1 Ng7 26. Na5 Re8 27. Nxc6
Re6 28. Rf1 Bc7 29. Nxd4 cxd4 30. Bxd4 Be5 31. Be3 Kf7 32. a4 a6 33. Kg2 f5 34.
d4 Bf6 35. e5 Bxh4 36. Bf4 Rc6 37. c4 Rb6 38. Rf3 Ne6 39. d5 Nd4 40. e6+ Nxe6
41. dxe6+ Rxe6 42. Re3 Rxe3 43. Bxe3 Ke6 44. h3 Ke5 45. Bh6 Be7 46. Kf3 Kd4 47.
Bd2 h5 48. Ba5 Bd6 49. Bb6+ Bc5 50. a5 g5 51. b4 g4+ 52. hxg4 hxg4+ 53. Kg3
Kxc4 54. bxc5 Kb5 55. Kf4 Kc6 56. Ba7 Kb7 57. Bb6 1/2-1/2

[Event "Pentes enneigees U1600"]
[Site "Gatineau CAN"]
[Date "2019.02.19"]
[Round "4"]
[White "Lecorre, Joel"]
[Black "Villeneuve, Denis"]
[Result "1-0"]
[WhiteElo "1482"]
[BlackElo "1508"]
[PlyCount "59"]
[EventDate "2019.01.22"]
[EventType "swiss"]
[EventRounds "5"]
[EventCountry "CAN"]

1. e4 c5 2. Nc3 d6 3. g3 Nc6 4. Bg2 Nf6 5. d3 Bg4 6. Nge2 e5 7. h3 Bd7 8. f4
Be7 9. Be3 Rb8 10. Qd2 Nd4 11. Nd5 Nxd5 12. exd5 Bf6 13. Nc3 Qe7 14. O-O O-O
15. Ne4 Nf5 16. g4 Nxe3 17. Nxf6+ Qxf6 18. Qxe3 exf4 19. Rxf4 Qxb2 20. Raf1
Rbe8 21. Qf2 Re7 22. Qh4 Qe5 23. Re4 Qxd5 24. Rxe7 Qd4+ 25. Qf2 Qxf2+ 26. Rxf2
Be6 27. Rxb7 Bxa2 28. Rxa7 Be6 29. c4 f6 30. Re2 1-0

[Event "Pentes enneigees U1600"]
[Site "Gatineau CAN"]
[Date "2019.02.19"]
[Round "4"]
[White "Simard, Paul"]
[Black "Fex, John"]
[Result "1/2-1/2"]
[WhiteElo "1182"]
[BlackElo "1358"]
[PlyCount "118"]
[EventDate "2019.01.22"]
[EventType "swiss"]
[EventRounds "5"]
[EventCountry "CAN"]

1. d4 e6 2. c4 Bb4+ 3. Nc3 c6 4. Bd2 Nf6 5. a3 Bxc3 6. Bxc3 d5 7. e3 O-O 8. Nf3
Nbd7 9. Be2 Ne4 10. O-O dxc4 11. Bxc4 b5 12. Ba2 Nb6 13. Qc2 f5 14. Ne5 Qe8 15.
Bb4 Rf6 16. f3 Ng5 17. Nxc6 Nd5 18. Bd2 Bb7 19. Ne5 Rc8 20. Qd3 Qh5 21. Qxb5
Nh3+ 22. Kh1 Bc6 23. Qd3 Ng5 24. Rac1 Bb7 25. Qb5 Rb8 26. Nd7 Rh6 27. Kg1 Qxh2+
28. Kf2 Nh3+ 29. Ke1 Qg3+ 30. Kd1 Nxe3+ 31. Bxe3 Bxf3+ 32. Rxf3 Qxf3+ 33. gxf3
Rxb5 34. Bxh6 gxh6 35. Bxe6+ Kg7 36. Ne5 Kf6 37. Rc6 Rxb2 38. Bd7+ Kg5 39. d5
Rb3 40. Ra6 Kf4 41. Nc4 Rd3+ 42. Ke2 Rxd5 43. Rxa7 Ng1+ 44. Kf2 Nxf3 45. Bc6
Rc5 46. Bxf3 Rxc4 47. Rxh7 Rc3 48. Bd5 Rxa3 49. Rxh6 Ke5 50. Bb7 Rc3 51. Rh5
Kf6 52. Rh4 Kg5 53. Rh7 f4 54. Ke2 Re3+ 55. Kf2 Rb3 56. Bd5 Rd3 57. Bf3 Rc3 58.
Rg7+ Kf5 59. Rf7+ Ke5 1/2-1/2

[Event "Pentes enneigees U1600"]
[Site "Gatineau CAN"]
[Date "2019.02.26"]
[Round "5"]
[White "Bourbonnais, Luc"]
[Black "Arcand, Pierre"]
[Result "1-0"]
[WhiteElo "1418"]
[BlackElo "1154"]
[PlyCount "63"]
[EventDate "2019.01.22"]
[EventType "swiss"]
[EventRounds "5"]
[EventCountry "CAN"]

1. Nf3 d5 2. g3 Nc6 3. Bg2 e5 4. d3 Nf6 5. O-O Be7 6. Nbd2 O-O 7. c4 dxc4 8.
Nxc4 Nd4 9. Nfxe5 Bg4 10. Nxg4 Nxg4 11. e3 Nxh2 12. Kxh2 Nc6 13. Qb3 Rb8 14. d4
Bd6 15. Nxd6 Qxd6 16. Bd2 Qh6+ 17. Kg1 Nxd4 18. Qd3 Ne6 19. Qc2 Rfd8 20. Rfd1
Rd7 21. Bxb7 Rxb7 22. Qc6 Nc5 23. Qxc5 Qf6 24. Bc3 Qe6 25. Qe5 Qxe5 26. Bxe5
Rxd1+ 27. Rxd1 f6 28. Bc3 c6 29. Rd6 Rb6 30. Bd4 Ra6 31. a3 Kf8 32. Rd7 1-0

[Event "Pentes enneigees U1600"]
[Site "Gatineau CAN"]
[Date "2019.02.26"]
[Round "5"]
[White "Fang, Zhou"]
[Black "Berthiaume, Serge"]
[Result "1-0"]
[WhiteElo "1242"]
[BlackElo "1456"]
[PlyCount "89"]
[EventDate "2019.01.22"]
[EventType "swiss"]
[EventRounds "5"]
[EventCountry "CAN"]

1. e4 Nc6 2. Nf3 d6 3. Bc4 Bg4 4. h3 Bxf3 5. Qxf3 Ne5 6. Qb3 Nxc4 7. Qxc4 Nf6
8. Nc3 a6 9. d3 g6 10. Be3 Bg7 11. O-O O-O 12. f4 c5 13. a4 Nd7 14. Qd5 Qc7 15.
a5 b5 16. Qg5 f6 17. Qd5+ Kh8 18. f5 g5 19. Qe6 Ne5 20. Nd5 Qb7 21. Qxe7 Qxe7
22. Nxe7 Ra7 23. Nd5 Nc6 24. b4 Nd4 25. Bxd4 cxd4 26. Rac1 Bh6 27. g4 Rc8 28.
Nxf6 Rc3 29. Nd5 Ra3 30. Ra1 Rxa1 31. Rxa1 Bg7 32. f6 Bf8 33. Rc1 h5 34. c3
hxg4 35. hxg4 Rh7 36. Kg2 Rh4 37. Rh1 Kg8 38. Rxh4 gxh4 39. Kh3 Kf7 40. cxd4
Bh6 41. Kxh4 Bc1 42. Kh5 Bb2 43. g5 Bxd4 44. g6+ Kg8 45. Ne7+ 1-0

[Event "Pentes enneigees U1600"]
[Site "Gatineau CAN"]
[Date "2019.02.26"]
[Round "5"]
[White "Seguin, Hubert"]
[Black "Lecorre, Joel"]
[Result "1/2-1/2"]
[WhiteElo "1552"]
[BlackElo "1482"]
[PlyCount "42"]
[EventDate "2019.01.22"]
[EventType "swiss"]
[EventRounds "5"]
[EventCountry "CAN"]

1. e4 e5 2. Nf3 Nc6 3. Bb5 a6 4. Ba4 Nf6 5. O-O Be7 6. Re1 b5 7. Bb3 O-O 8. c3
d5 9. exd5 Nxd5 10. Nxe5 Nxe5 11. Rxe5 c6 12. d4 Bd6 13. Re1 Qh4 14. g3 Qh3 15.
Qf3 Bg4 16. Qg2 Qh5 17. Bxd5 cxd5 18. Nd2 Rae8 19. Re3 Bh3 20. Qf3 Bg4 21. Qg2
Bh3 1/2-1/2

[Event "Pentes enneigees U1600"]
[Site "Gatineau CAN"]
[Date "2019.02.26"]
[Round "5"]
[White "Villeneuve, Denis"]
[Black "Simard, Paul"]
[Result "1-0"]
[WhiteElo "1508"]
[BlackElo "1182"]
[PlyCount "23"]
[EventDate "2019.01.22"]
[EventType "swiss"]
[EventRounds "5"]
[EventCountry "CAN"]

1. e4 e5 2. Nf3 d6 3. d4 Nd7 4. Bc4 Be7 5. dxe5 dxe5 6. Qd5 Nb6 7. Qxf7+ Kd7 8.
Nxe5+ Kd6 9. Bf4 Kc5 10. Nd3+ Kc6 11. Nc3 Nf6 12. Bb5# 1-0

[Event "Perce Neige"]
[Site "Montreal CAN"]
[Date "2019.03.30"]
[Round "1.1"]
[White "Steinberg, Ellis"]
[Black "Landry, Sylvain"]
[Result "0-1"]
[WhiteElo "1874"]
[BlackElo "2078"]
[PlyCount "88"]
[EventDate "2019.03.30"]
[EventType "swiss"]
[EventRounds "4"]
[EventCountry "CAN"]

1. e4 c5 2. Nf3 d6 3. d4 cxd4 4. Nxd4 Nf6 5. Nc3 a6 6. Be3 e5 7. Nb3 Be7 8. f3
Be6 9. Qd2 O-O 10. O-O-O Nbd7 11. Kb1 b5 12. g4 Nb6 13. h4 b4 14. Qf2 Nc4 15.
Nd5 Bxd5 16. exd5 Nxe3 17. Qxe3 a5 18. g5 Nh5 19. Bb5 a4 20. Nd2 Qa5 21. Bc6
Rab8 22. Rhg1 Bd8 23. Nc4 Qa6 24. Rg4 f5 25. gxf6 Nxf6 26. Nxd6 Nxg4 27. fxg4
b3 28. Qxe5 bxc2+ 29. Kxc2 Bf6 30. Qe6+ Kh8 31. Bb5 Qb6 32. Re1 Qc7+ 33. Kb1 g6
34. g5 Bg7 35. Qe7 Qxe7 36. Rxe7 Rf2 37. Bxa4 Rbxb2+ 38. Kc1 Rxa2 39. Re8+ Bf8
40. Rxf8+ Rxf8 41. Bd1 Rf1 42. Ne4 Ra1+ 43. Kb2 Raxd1 44. d6 Rf4 0-1

[Event "Perce Neige"]
[Site "Montreal CAN"]
[Date "2019.03.30"]
[Round "1.2"]
[White "Vezeau, Jonathan"]
[Black "Lesage, Philippe"]
[Result "0-1"]
[WhiteElo "2057"]
[BlackElo "1845"]
[PlyCount "100"]
[EventDate "2019.03.30"]
[EventType "swiss"]
[EventRounds "4"]
[EventCountry "CAN"]

1. d4 Nf6 2. c4 e6 3. Nf3 b6 4. g3 Ba6 5. b3 b5 6. cxb5 Bxb5 7. Bg2 d5 8. O-O
Nbd7 9. Nc3 Ba6 10. Bb2 c5 11. Re1 Be7 12. e4 dxe4 13. Ng5 O-O 14. Ngxe4 Rb8
15. d5 exd5 16. Nxd5 Nxd5 17. Qxd5 Bb7 18. Qf5 g6 19. Qf4 Bxe4 20. Bxe4 Bg5 21.
Qf3 Bf6 22. Bxf6 Qxf6 23. Qe2 Rfe8 24. Rad1 Rbd8 25. Qb5 Qb6 26. Qa4 Ne5 27.
Bg2 Kg7 28. Qa3 Rxd1 29. Rxd1 Re7 30. Rd5 Qb4 31. Qxb4 cxb4 32. Rd4 a5 33. Rd5
Ng4 34. Rxa5 Re1+ 35. Bf1 Nxh2 36. Kxh2 Rxf1 37. Kg2 Rd1 38. Kf3 f5 39. Ra4 Rd4
40. Ke3 Re4+ 41. Kd3 Rg4 42. a3 bxa3 43. Rxg4 fxg4 44. Kc3 Kf6 45. b4 a2 46.
Kb2 a1=Q+ 47. Kxa1 g5 48. Kb2 h5 49. Kc3 h4 50. b5 Ke6 0-1

[Event "Perce Neige"]
[Site "Montreal CAN"]
[Date "2019.03.30"]
[Round "1.3"]
[White "Guipi Bopala, Prince Eric jr"]
[Black "Forget, Luc"]
[Result "1-0"]
[WhiteElo "1823"]
[BlackElo "1957"]
[PlyCount "97"]
[EventDate "2019.03.30"]
[EventType "swiss"]
[EventRounds "4"]
[EventCountry "CAN"]

1. d4 Nf6 2. Bf4 g6 3. Nc3 d5 4. Qd2 Bg7 5. O-O-O O-O 6. Bh6 c6 7. f3 Re8 8.
Bxg7 Kxg7 9. e4 e6 10. h4 h5 11. e5 Nfd7 12. f4 a6 13. Nf3 c5 14. Be2 Nc6 15.
Rdg1 Rh8 16. g4 hxg4 17. Rxg4 cxd4 18. Nxd4 Nxd4 19. Qxd4 Qb6 20. Qd2 Nf8 21.
Rgg1 Rxh4 22. Rf1 Rxh1 23. Rxh1 f6 24. exf6+ Kxf6 25. f5 Bd7 26. fxe6 Bxe6 27.
Nxd5+ Bxd5 28. Qxd5 Qe3+ 29. Kd1 Ne6 30. Rf1+ Nf4 31. Bd3 Re8 32. Qh1 Kg7 33.
Qh4 Rf8 34. Qg4 Nxd3 35. Qd7+ Kg8 36. Rxf8+ Kxf8 37. cxd3 g5 38. Qc8+ Kg7 39.
Qxb7+ Kf8 40. Qc8+ Kg7 41. Qb7+ Kf8 42. Qxa6 Qg1+ 43. Ke2 Qg2+ 44. Ke3 Qg3+ 45.
Ke2 Qg2+ 46. Ke1 Qg1+ 47. Kd2 Qf2+ 48. Kc3 g4 49. Qc8+ 1-0